000 00453nam a2200169Ia 4500
008 121023t2004 xxu||||| |||| 00| 0 sin d
041 _asin
080 _ax 8 S 31
_bWIC
100 _aWickramathilaka,Nishantha
245 _aසිත ළඟ තනිවී
246 _aSitha Laga Thaniwee
260 _bNishantha Publishers
_aGanemulla
_c2004
300 _a184p., 18 cm
942 _cBK
999 _c72312
_d72312
003 LK-CoDNM
040 _aLK-CoDNM
_dLK-CoDNM
_eLK-CoDNM